[Event "19th Lviv Tradition 2018"]
[Site "Lviv"]
[Date "2018.01.22"]
[Round "1"]
[White "Sevostianov, Pavel"]
[Black "Bets, Anatolij"]
[Result "1/2-1/2"]
[WhiteElo "2266"]
[BlackElo "2266"]
[Annotator "TA"]
[PlyCount "81"]
[EventDate "2018.??.??"]
[EventType "tourn"]
[EventCountry "UKR"]
[SourceTitle "playchess.com"]
[Source "ChessBase"]
[SourceQuality "1"]

{[%evp 24,81,72,62,78,43,52,41,50,54,85,72,75,81,93,10,8,0,0,10,5,0,8,0,0,0,7,40,46,0,0,0,0,0,0,0,0,5,26,13,13,0,0,0,0,0,0,0,0,0,0,0,0,0,0,0,0,0,0,0]} 1. d4 Nf6 2. c4 g6 3. Nc3 Bg7 4. e4 d6 5. Nf3 O-O 6. Be2 e5 7. O-O Nc6 8. d5 Ne7 9. Ne1 Nd7 10. Be3 f5 11. f3 f4 12. Bf2 g5 13. Rc1 Ng6 {E99: King's Indian: Classical Main Line: 9 Ne1 Nd7 10 f3 f5} 14. Nb5 (14. c5 Nxc5 15. b4 Na6 16. Nb5 Bd7 17. a4 h5 18. Nd3 Rf7 19. Rc4 Bf8 20. Kh1 Rg7 21. Rg1 Nh8 22. g3 fxg3 23. Rxg3 Nf7 24. Qc1 g4 25. fxg4 hxg4 26. Nxc7 Nxc7 27. Rxc7 {1-0 (50) So,W (2812)-Grischuk,A (2761) Paris 2017}) 14... b6 15. b4 a6 {White is slightly better.} 16. Nc3 Rf7 17. Nd3 h5 18. c5 Bf8 19. Na4 (19. Rb1 $16) 19... b5 $11 20. Nc3 Nf6 21. a4 g4 $146 22. axb5 axb5 23. Qd2 {next Ra1 is good for White.} h4 24. fxg4 {[#] Hoping for h3.} h3 $1 {[%cal Rh3g2]} 25. gxh3 {Threatens to win with Ra1.} Rh7 $1 {[%cal Rh7h3,Bf7h7,Bh7h6,Bh6h4,Bh4h3][%mdl 32]} 26. Kg2 {Strongly threatening Ra1.} (26. g5 $5 {[%cal Rg5f6]} Ne8 27. h4 $16) 26... Qd7 27. cxd6 cxd6 28. Qd1 {Threatening Bg1.} Rh6 $1 29. Bg1 {Black must now prevent Nf2.} Nh7 {[%cal Bf6h7,Bh7g5,Bg5h3][%mdl 32]} 30. Nf2 Ng5 {[#] aiming for ...f3+!} 31. Kh1 Nxh3 {The position is equal.} 32. g5 Rh4 33. Nxh3 $1 Rxh3 34. Nxb5 f3 $1 {[%cal Rf3e2]} 35. Bxf3 Qxb5 36. Rxc8 Rxc8 37. Bg4 Rcc3 38. Rf6 Nf4 39. Rxf4 $1 exf4 40. Be6+ Kh7 41. Bf5+ {Precision: White = 68%, Black = 92%.} 1/2-1/2

[Event "19th Lviv Tradition 2018"]
[Site "Lviv"]
[Date "2018.01.22"]
[Round "1"]
[White "Kyrychenko, Maryan"]
[Black "Bykovskiy, Oleg"]
[Result "1/2-1/2"]
[WhiteElo "2254"]
[BlackElo "2197"]
[Annotator "TA"]
[PlyCount "104"]
[EventDate "2018.??.??"]
[EventType "tourn"]
[EventCountry "UKR"]
[SourceTitle "playchess.com"]
[Source "ChessBase"]
[SourceQuality "1"]

{[%evp 9,104,9,18,-8,0,0,18,0,4,-2,-2,-2,0,-6,-8,-8,0,-16,-14,-12,0,-5,6,8,25,12,15,5,7,0,0,0,36,17,40,0,83,80,79,57,62,55,68,53,146,78,212,183,269,34,37,34,97,102,89,92,89,16,16,14,11,12,11,0,0,0,0,-17,-18,-22,-18,-24,-39,-22,-8,-16,0,0,0,0,0,0,0,0,0,0,0,0,0,0,0,0,0,0,0,0,0]} 1. e4 c6 2. d4 d5 3. e5 c5 4. dxc5 e6 5. a3 Bxc5 6. b4 {B12: Caro-Kann: Advance Variation} Bb6 7. Bb2 Ne7 (7... a5 {feels hotter.} 8. Nf3 axb4 9. axb4 Rxa1 10. Bxa1 Ne7) 8. c4 $146 (8. Nf3 {looks sharper.} a5 9. Nbd2 axb4 10. axb4 Rxa1 11. Qxa1 Na6 12. Ba3) ({Predecessor:} 8. Nf3 a5 9. b5 a4 10. Bd3 Nd7 11. O-O Nc5 12. Bd4 Nxd3 13. Qxd3 {0-1 (26) Iljiushenok,I (2519)-Popov,I (2599) Sochi 2017}) 8... dxc4 9. Qxd8+ Bxd8 10. Bxc4 Bd7 11. Nf3 Bc6 12. Nbd2 {[%cal Bb1d2,Bd2b3,Bb3a5][%mdl 32]} Nd7 13. O-O Nb6 14. Bb3 Bd5 15. Rac1 Bxb3 16. Nxb3 Na4 17. Ba1 $36 {[%mdl 2048] Black is under pressure.} Nd5 18. Nfd2 Be7 19. Ne4 Kd7 20. Na5 Rhb8 21. Rfd1 h6 22. Nc4 b6 (22... b5 $11 23. Ncd6 f5 24. Nxf5 exf5) 23. Ne3 Rc8 24. Nxd5 exd5 25. Rxd5+ Ke6 $1 26. Rcd1 {Hoping for R5d4.} a5 (26... Rd8 $14 27. Nd6 f6) 27. Nd6 ({White should play} 27. Ng3) 27... Rc2 (27... Nc3 $16 28. Bxc3 (28. Nxc8 Nxd5 29. Nxe7 Nxe7 $16) 28... Rxc3) 28. f4 g6 (28... Bxd6 {was called for.} 29. exd6 f6) 29. h3 $2 {[#]} ({Better is} 29. g4 $18 {Threatens to win with f5+.} axb4 30. f5+ gxf5 31. Nxf5) 29... axb4 $14 30. axb4 {Nb5 is the strong threat.} Nc3 (30... Nb2 $1 $14 31. Bxb2 Rxb2) 31. Bxc3 $1 $16 Rxc3 32. Nb5 Rc4 33. R5d4 (33. Rd7 $16) 33... Rac8 $1 $11 34. Rxc4 Rxc4 {[%mdl 4096] Endgame KRB-KRN} 35. Nd4+ Kd7 36. Ne2+ Ke8 37. b5 Rb4 38. Rd5 Bc5+ 39. Kh2 Rxb5 {[#] White must now prevent ...Bg1+!} 40. Nc3 Rb4 41. g3 h5 {The position is equal.} 42. Rd2 Rc4 43. Nd5 Rd4 44. Rxd4 Bxd4 {KB-KN} 45. Kg2 Kd7 46. Kf3 b5 47. Ke4 Bc5 48. g4 hxg4 49. hxg4 Kc6 50. f5 gxf5+ 51. gxf5 b4 52. e6 fxe6 {Precision: White = 40%, Black = 46%.} 1/2-1/2

[Event "19th Lviv Tradition 2018"]
[Site "Lviv"]
[Date "2018.01.22"]
[Round "1"]
[White "Kryvoruchko, Vita"]
[Black "Mosesov, Danylo"]
[Result "1-0"]
[WhiteElo "2192"]
[BlackElo "2294"]
[Annotator "TA"]
[PlyCount "85"]
[EventDate "2018.??.??"]
[EventType "tourn"]
[EventCountry "UKR"]
[SourceTitle "playchess.com"]
[Source "ChessBase"]
[SourceQuality "1"]

{[%evp 9,85,29,64,55,43,50,69,74,75,59,95,26,90,63,92,59,65,50,67,65,72,63,70,70,147,137,215,46,42,14,18,15,37,19,93,91,70,7,38,0,78,9,49,62,68,55,151,20,10,33,335,356,391,365,400,384,347,270,497,461,496,469,1036,1061,957,1000,1080,820,1773,2072,1414,1031,29956,29958,29954,5606,29988,29989]} 1. d4 e6 2. c4 b6 3. Nc3 Bb7 4. e4 Bb4 5. Bd3 Ne7 (5... f5 6. Qh5+ g6 7. Qe2 Nf6 8. Bg5 fxe4 9. Bc2 h6 10. Bxf6 Qxf6 11. Bxe4 Nc6 12. Nf3 O-O-O 13. O-O Nxd4 14. Nxd4 Qxd4 15. Rad1 Qf6 16. Bxb7+ Kxb7 {0-1 (75) Dzagnidze,N (2570)-Hou,Y (2673) Beijing 2014}) 6. Nge2 {A40: Unusual replies to 1 d4} O-O 7. O-O d6 $146 ({Predecessor:} 7... f5 8. Bg5 h6 {½-½ (8) Torres Rosas,L (2332)-Alvarez Pedraza,A (2470) Santa Clara 2015}) 8. a3 {White is slightly better.} Bxc3 9. Nxc3 e5 10. Be3 (10. d5 $16) 10... Nd7 (10... exd4 $11 {keeps the balance.} 11. Bxd4 Nbc6) 11. f4 $36 {[%mdl 2048] White has some pressure.} exf4 12. Rxf4 Ng6 13. Rf2 Qe7 14. Nd5 Bxd5 15. cxd5 f5 $1 16. e5 $1 f4 (16... Nf6 $14) 17. Bd2 $16 a5 (17... Qe8 $16) 18. Qc2 $2 (18. Qb3 $18) 18... dxe5 $14 19. Re1 Qd6 20. b4 Rae8 (20... exd4 21. Re6 $18) 21. bxa5 exd4 (21... bxa5 $11 22. Bxa5 Qxa3 23. Bxc7 exd4) 22. a6 Nc5 {...Rxe1+ is the strong threat.} 23. Rxe8 Rxe8 24. Bb5 Ra8 {[#]} (24... Rf8 $11) 25. Bb4 ({White should play} 25. Qc4 $1 $16) 25... Ne7 26. Bxc5 bxc5 27. Qe4 Nxd5 {[#]} (27... g6 $1 $14) 28. Rxf4 $1 {[%mdl 512]} c6 $11 (28... Nxf4 29. Qxa8+) 29. Bc4 Kh8 $2 {[%mdl 8192]} (29... g6 $14) 30. Rf7 $18 Nf6 31. Qf5 d3 32. Qxd3 Qe5 33. Qf1 Rd8 $2 (33... Qd6 34. Qa1 Qf4) 34. a7 h6 {and the idea ...Qd4+ leaves Black hopeful.} ({Inferior is} 34... Qd4+ 35. Kh1 $16) 35. h3 Kh7 (35... Ra8 $142 36. Kh1 Re8) 36. Bd3+ Kg8 37. Rb7 Kh8 38. Qf5 Qd4+ 39. Kh1 {Threatening mate with Qg6.} c4 40. Bc2 Qa1+ 41. Rb1 Qxa3 42. Rb8 Qd6 43. Rc8 {Precision: White = 61%, Black = 20%.} 1-0

[Event "19th Lviv Tradition 2018"]
[Site "Lviv"]
[Date "2018.01.22"]
[Round "1"]
[White "Medvedyk, Volodymyr"]
[Black "Molchanov, Oleksii"]
[Result "0-1"]
[WhiteElo "2116"]
[BlackElo "2329"]
[Annotator "TA"]
[PlyCount "80"]
[EventDate "2018.??.??"]
[EventType "tourn"]
[EventCountry "UKR"]
[SourceTitle "playchess.com"]
[Source "ChessBase"]
[SourceQuality "1"]

{[%evp 24,79,28,-9,0,0,16,17,73,69,64,62,57,57,71,64,168,142,375,374,408,422,423,422,404,416,375,322,327,211,484,473,511,506,502,468,423,-81,-61,-956,-938,-972,-961,-957,-917,-29986,-29987,-29989,-29989,-29990,-29991,-29996,-29997,-29997,-29998,-29998,-29999,-29999]} 1. d4 Nf6 2. c4 e6 3. g3 c5 4. d5 exd5 5. cxd5 d6 6. Nc3 g6 7. Bg2 Bg7 8. Nf3 O-O 9. O-O a6 10. a4 Re8 11. Nd2 Nbd7 {[%cal Bb8d7,Bd7e5,Be5d3][%mdl 32]} 12. e4 Ne5 {A64: Modern Benoni: Fianchetto Variation: 9...Nbd7 10 Nd2 a6 11 a4 Re8} 13. Qc2 {LiveBook: 3 Games} Rb8 (13... h5 14. f4 Neg4 15. Nc4 Nh7 16. h3 Bd4+ 17. Kh1 Ngf6 18. Ne2 Rb8 19. a5 Qc7 20. Nxd4 cxd4 {1-0 (33) Gunina,V (2496)-Lagno,K (2529) Huaian 2016}) 14. a5 b5 {The position is equal.} 15. axb6 $1 Qxb6 (15... a5 $11 {remains equal.}) 16. f4 $16 {[%cal Bf2f4,Bf4e5,Be5e6][%mdl 32]} Nd3 $146 {Hoping for ...c4+.} ({Find the theoretical novelty and annotate with similar games:} 16... Ned7 17. h3 Nf8 18. Nc4 Qc7 {1-0 (34) Nguyen,T (1990)-Nguyen,Q (1591) Ho Chi Minh City 2015}) 17. Nc4 Nb4 18. Qd1 $36 {[%mdl 2048] White has some pressure.} Qc7 19. e5 dxe5 ({Black should play} 19... Bg4 $14 20. Bf3 (20. exd6 Qd8 $11) 20... Bxf3 21. Qxf3 (21. Rxf3 dxe5 22. fxe5 Ng4 $11) 21... Nc2) 20. fxe5 $18 Ng4 $2 {[#]} (20... Nd7 $16) 21. e6 $1 {[%mdl 512]} Bd4+ (21... fxe6 22. d6) 22. Kh1 f5 23. Bf4 Qa7 24. Qa4 Re7 {Now ...Nd3 and Black clings on.} 25. Bxb8 Qxb8 26. Rae1 {Threatens to win with d6.} Bb7 $2 (26... Nd3 {was necessary.}) 27. d6 Qa8 {[%csl Ga8][%cal Rb7g2]} 28. Ne4 $1 Rxe6 29. Nb6 Nd3 {[#]} 30. Nf6+ $2 {[#]} (30. Nxa8 Ngf2+ 31. Nxf2 Nxf2+ 32. Kg1 Nh3+ 33. Kh1 Nf2+ 34. Kg1 Nh3+ 35. Kh1 Nf2+ $11) (30. Qc4 $1 $18 {[%cal Rc4e6]} Ngf2+ 31. Nxf2 Bxg2+ 32. Kg1) 30... Kh8 $1 $17 {[%csl Ga8][%cal Rb7g2]} 31. Bxb7 $4 {[%mdl 8192]} (31. Nxa8 {gets mated.} Ngf2+ 32. Kg1 Nh3+ 33. Kh1 Ndf2+ 34. Rxf2 Rxe1+ 35. Rf1 Rxf1#) (31. Qxd4 $15 Bxg2+ 32. Kg1 Bxf1 33. Nxa8 Rxe1 34. Qc3) 31... Qxb7+ $19 ({And not} 31... Rxe1 32. Rxe1 Qxb7+ 33. Nfd5 $14) 32. Nfd5 Nxe1 33. d7 Rd6 {[%cal Be6d6,Bd6d5,Bd5d7][%mdl 32]} 34. Rxe1 Rxd5 {Black mates.} 35. Re8+ Kg7 36. Re7+ Kh6 37. d8=Q Rd7+ $1 (37... Rxd8+ $2 {loses.} 38. Rxb7 Rg8 39. Qxa6 $18) 38. Qc6 Qxc6+ 39. Nd5 Qxd5+ 40. Re4 Qxe4# {Precision: White = 46%, Black = 32%.} 0-1

[Event "19th Lviv Tradition 2018"]
[Site "Lviv"]
[Date "2018.01.23"]
[Round "2"]
[White "Molchanov, Oleksii"]
[Black "Kryvoruchko, Vita"]
[Result "1-0"]
[WhiteElo "2329"]
[BlackElo "2192"]
[Annotator "TA"]
[PlyCount "111"]
[EventDate "2018.??.??"]
[EventType "tourn"]
[EventCountry "UKR"]
[SourceTitle "playchess.com"]
[Source "ChessBase"]
[SourceQuality "1"]

{[%evp 12,111,33,-40,-33,-29,-39,-40,-38,-33,-18,-66,-40,-57,-51,-62,-48,-167,29,25,42,-35,-48,-34,-33,-197,-114,-116,-107,-94,0,-126,-140,-140,77,84,91,97,75,89,485,482,479,469,454,388,393,362,343,245,270,192,195,175,240,238,223,220,212,195,194,159,161,171,352,352,316,244,1301,1281,5281,5097,4460,3810,6219,5697,5712,2187,6721,6367,5791,5331,5716,5093,29977,29978,29984,29985,29984,29985,29985,29986,29990,29991,29991,29992,29992,29993,29993,29994,29995,29992]} 1. d4 Nf6 2. c4 e6 3. Nf3 d5 4. g3 dxc4 5. Bg2 a6 6. O-O Nc6 7. Na3 (7. e3 $14) 7... Bxa3 $1 $15 {E04: Open Catalan: 5 Nf3} 8. bxa3 Rb8 9. Qc2 (9. Bb2 O-O 10. Qc2 b5 11. Rad1 Ne7 12. e4 Ng6 13. h4 Qe7 14. Rfe1 Rd8 15. e5 {0-1 (39) Kozul,Z (2640)-Jovanic,O (2475) Zagreb 2004}) 9... b5 {Black is slightly better.} ({Much worse is} 9... Nxd4 $6 10. Nxd4 Qxd4 11. Be3 $14) 10. Rd1 O-O 11. e4 Bb7 $146 ({Predecessor:} 11... h6 12. Bf4 Rb6 13. d5 exd5 14. Be3 Rb8 15. Bc5 {0-1 (44) Braeutigam,T (2019)-Kunz,K (2138) Schweinfurt 2012}) 12. e5 Nd7 13. Ng5 {[%csl Gg5][%cal Rc2h7]} g6 14. d5 (14. Qe2 $15) 14... exd5 $2 (14... Ncxe5 $19 15. f4 Nd3 16. dxe6 N7c5 17. exf7+ Rxf7) 15. e6 $36 {[%mdl 2048] White is more active.} Nde5 {...f6 is the strong threat.} 16. exf7+ (16. Bxd5 $14 Nd4 17. Rxd4 Bxd5 18. e7 $1 {[%mdl 512]} Qxe7 19. Rxd5) 16... Nxf7 $15 17. Nxf7 Rxf7 18. Bb2 $2 {[#]} (18. Bxd5 $15 Nd4 19. Rxd4 Bxd5 20. Bb2) 18... d4 (18... Rd7 $1 $19 19. Qe2 Qe7) 19. Bxc6 $17 Bxc6 20. Rxd4 Qf8 ({Black should try} 20... Qe7 $17 21. Qc3 Qf6) 21. Rg4 (21. Qc3 $11 Qg7 22. Re1) 21... Qc5 22. Re1 {Black must now prevent Rxg6+!} Qd5 $2 {[#]} (22... Rf5 $17 {Hoping for ...Rd8.} 23. Re6 Kf7) 23. Rxg6+ $1 $16 {[%mdl 512]} Kf8 {[%csl Gc6][%cal Rd5h1] [#]} ({Inferior is} 23... hxg6 24. Qxg6+ Kf8 25. Qh6+ Kg8 26. Qh8#) 24. Rxc6 $1 {[%mdl 512]} Qxc6 25. Qc3 {[%cal Rc3h8]} Rf6 $2 {[%mdl 8192]} (25... Qg6 $16) 26. Qxf6+ $18 Qxf6 27. Bxf6 {[%mdl 4096] Endgame KRB-KR} Kf7 28. Bc3 c5 29. Be5 Rd8 30. a4 b4 31. Re4 c3 32. Rc4 Rd2 (32... Rd5 $142) 33. Rxc5 Rxa2 34. Bxc3 bxc3 35. Rxc3 Rxa4 {KR-KR} 36. Rc6 a5 37. Ra6 Ra1+ $2 (37... Kg7 38. Kg2 h5) 38. Kg2 a4 39. h4 h5 $2 (39... a3 40. g4 a2) 40. Rh6 a3 41. Rxh5 Rb1 42. Ra5 Rb3 43. g4 {[%cal Bg3g4,Bg4g5,Bg5g6][%mdl 32]} Kg6 44. Ra6+ (44. h5+ $142 Kh6 45. Ra6+ Kh7 46. g5) 44... Kg7 45. f3 Rb2+ 46. Kg3 a2 47. g5 Rc2 48. h5 {[%cal Bh4h5,Bh5h6,Bh6h7][%mdl 32] White mates.} Rb2 49. Ra7+ Kg8 50. h6 Rb5 51. Kg4 Rb2 52. g6 Rg2+ 53. Kf5 {[%cal Ra7a8]} Kf8 54. h7 {[%cal Rh7h8]} a1=Q 55. Rxa1 Rh2 56. Ra8+ {Precision: White = 62%, Black = 27%.} 1-0

[Event "19th Lviv Tradition 2018"]
[Site "Lviv"]
[Date "2018.01.23"]
[Round "2"]
[White "Moliboga, V.."]
[Black "Kyrychenko, Maryan"]
[Result "0-1"]
[WhiteElo "2310"]
[BlackElo "2254"]
[Annotator "TA"]
[PlyCount "52"]
[EventDate "2018.??.??"]
[EventType "tourn"]
[EventCountry "UKR"]
[SourceTitle "playchess.com"]
[Source "ChessBase"]
[SourceQuality "1"]

{[%evp 16,52,45,49,56,50,68,58,68,40,37,41,97,94,104,94,111,91,162,104,114,90,104,62,81,-18,-19,-20,-17,-114,-119,-365,-64,-356,-343,-29991,-29992,-29992,-29993]} 1. d4 Nf6 2. Bf4 d5 3. e3 Bf5 4. c4 e6 5. Nc3 c6 (5... Bb4 6. Qa4+ Nc6 7. Nf3 O-O 8. Rc1 dxc4 9. Bxc4 a6 10. Qd1 Nd5 11. Bxd5 Qxd5 12. a3 Bxc3+ 13. Rxc3 {1-0 (49) Karjakin,S (2760)-Wei,Y (2739) Medias 2017}) 6. Qb3 {D00: 1 d4 d5: Unusual lines} Qb6 7. c5 Qxb3 8. axb3 Nbd7 9. h3 {LiveBook: 16 Games} Ne4 10. b4 g5 $146 ({Find the theoretical novelty and annotate with similar games:} 10... Be7 11. Nf3 Nxc3 12. bxc3 O-O {1-0 (35) Karhanek,P (2030)-Pultorak,J (1803) Frydek Mistek 2013}) 11. Bh2 Bg7 12. f3 Nxc3 13. bxc3 O-O (13... e5 $14) 14. Bd6 Rfc8 15. Kd2 a6 16. Ne2 e5 (16... Bf6 $16 {is a better defense.}) 17. Nc1 (17. g4 $18 Bg6 18. Ng3) 17... Re8 18. Nb3 Bf8 19. Bc7 Rac8 20. Bb6 (20. Bxe5 $1 $16 {Bg3 is the strong threat.} Nxe5 21. dxe5) 20... Nxb6 21. cxb6 exd4 22. exd4 (22. Nxd4 $11 {remains equal.} Bg6 23. Bd3) 22... Bd6 $17 {Threatens to win with ...Bf4+.} 23. Nc5 $2 (23. Kc1 $17 {keeps fighting.}) 23... Bf4+ $19 24. Kd1 {[#]} Re3 $1 25. Kc1 $2 (25. Ra2 $19) 25... Re2+ $1 26. Kd1 Rd2+ {Precision: White = 32%, Black = 58%.} 0-1

[Event "19th Lviv Tradition 2018"]
[Site "Lviv"]
[Date "2018.01.23"]
[Round "2"]
[White "Bets, Anatolij"]
[Black "Mosesov, Danylo"]
[Result "1/2-1/2"]
[WhiteElo "2266"]
[BlackElo "2294"]
[Annotator "TA"]
[PlyCount "74"]
[EventDate "2018.??.??"]
[EventType "tourn"]
[EventCountry "UKR"]
[SourceTitle "playchess.com"]
[Source "ChessBase"]
[SourceQuality "1"]

{[%evp 18,74,62,35,75,22,30,24,27,32,55,35,125,128,155,13,14,16,14,12,22,13,7,7,7,7,19,22,25,11,18,16,13,9,9,9,11,9,24,10,18,12,6,0,34,20,18,0,36,24,50,0,0,0,54,0,0,0,40]} 1. d4 e6 2. c4 b6 3. Nf3 Bb7 4. g3 Bb4+ 5. Bd2 Bxf3 6. exf3 {A40: Verschiedene (seltene) Antworten auf 1.d4} Bxd2+ 7. Nxd2 (7. Qxd2 Nc6 8. f4 Qf6 9. d5 Nd4 10. Bg2 Rd8 11. Nc3 c5 12. O-O-O Nh6 13. Ne4 Qe7 14. Rhe1 Nhf5 15. Qc3 {0-1 (62) Aronian,L (2805)-Rapport,R (2707) Riadh 2017}) 7... Ne7 8. Bg2 O-O 9. O-O d5 10. f4 {LiveBook: 4 Partien} Nd7 $146 ({Vorgänger:} 10... Nbc6 11. Qa4 Qd7 12. Rac1 Rad8 13. cxd5 exd5 {1-0 (31) Panchanathan,M (2533)-Kraai,J (2502) Edmonton 2010}) 11. Rc1 (11. cxd5 $16 Nxd5 {[#]} 12. f5 $1 {[%mdl 512]}) 11... Nf6 12. Nf3 Qd6 13. Ne5 Rad8 14. Qc2 c5 (14... dxc4 $14 15. Qxc4 Nfd5) 15. cxd5 $16 cxd4 16. Qd2 (16. dxe6 $16 Qxe6 17. Rfe1) 16... Nfxd5 $11 17. Qxd4 Rc8 18. a3 Rfd8 19. Qa4 a5 20. h4 (20. Be4 {is more complex.} g6 21. Rfd1 Rc7 22. h4 Rdc8 23. Kg2) 20... h6 (20... g6 {looks sharper.} 21. Rfd1 Rc7 22. Rxc7 Qxc7 23. Bf3 h5) 21. Rfd1 Rc5 22. Rxc5 Qxc5 23. Qd4 Rc8 24. Qxc5 Rxc5 25. Rd2 Rc1+ 26. Kh2 g6 27. Bf3 Kg7 28. Kg2 Rc5 29. Nd3 Rc7 30. Ne5 b5 31. Be2 b4 32. a4 Rc1 33. Bb5 Nb6 34. Nd3 (34. Rd6 $5 {[%cal Rd6b6]} Ned5 35. Rd8 $14) 34... Rc7 35. Ne5 Rc1 36. Nd3 (36. Rd6 $5 {[%cal Rd6b6]} Ned5 37. Rd8 $14) 36... Rc7 37. Ne5 Rc1 {Precision: Weiß = 43%, Schwarz = 52%.} 1/2-1/2

[Event "19th Lviv Tradition 2018"]
[Site "Lviv"]
[Date "2018.01.23"]
[Round "2"]
[White "Sevostianov, Pavel"]
[Black "Kagramanianz, Vartan"]
[Result "1/2-1/2"]
[WhiteElo "2266"]
[BlackElo "2247"]
[Annotator "NA RC"]
[PlyCount "53"]
[EventDate "2018.??.??"]
[EventType "tourn"]
[EventCountry "UKR"]
[SourceTitle "playchess.com"]
[Source "ChessBase"]
[SourceQuality "1"]
[TimeControl "5400+30"]

1. c4 Nf6 2. g3 e6 3. Nf3 d5 4. b3 Be7 5. Bg2 O-O 6. O-O c5 7. Bb2 Nc6 8. e3 b6 9. Nc3 Bb7 10. cxd5 Nxd5 11. Nxd5 Qxd5 12. d4 Rad8 13. Ne5 Qd6 14. dxc5 Qxc5 15. Nd7 Qf5 16. e4 Qg5 17. h4 Qh6 18. Bc1 g5 19. hxg5 Qg7 20. e5 Kh8 21. Bf4 Nb8 22. Bxb7 Rxd7 23. Qf3 Bxg5 24. Be4 Rdd8 25. Bxg5 Qxg5 26. Qf4 Qxf4 27. gxf4 1/2-1/2

[Event "19th Lviv Tradition 2018"]
[Site "Lviv"]
[Date "2018.01.23"]
[Round "2"]
[White "Bykovskiy, Oleg"]
[Black "Medvedyk, Volodymyr"]
[Result "1-0"]
[WhiteElo "2197"]
[BlackElo "2116"]
[Annotator "NA"]
[PlyCount "103"]
[EventDate "2018.??.??"]
[EventType "tourn"]
[EventCountry "UKR"]
[SourceTitle "playchess.com"]
[Source "ChessBase"]
[SourceQuality "1"]
[TimeControl "5400+30"]

1. e4 {[%emt 0:00:55]} e5 {[%emt 0:00:40]} 2. Nc3 {[%emt 0:00:08]} Nf6 {[%emt 0:00:35]} 3. g3 {[%emt 0:00:15]} Bc5 {[%emt 0:00:22]} 4. Bg2 {[%emt 0:00:10]} Nc6 {[%emt 0:00:13]} 5. d3 {[%emt 0:00:07]} a6 {[%emt 0:00:42]} 6. Be3 {[%emt 0:00:09] C26: Vienna Game: 2...Nf6, sidelines} (6. Nge2 d6 7. h3 Be6 8. f4 h6 9. f5 Bd7 10. b3 Nd4 11. Bb2 Bc6 12. Nxd4 Bxd4 13. Qe2 b5 14. Nd1 {1-0 (60) Nakamura,H (2774)-Topalov,V (2749) Saint Louis 2017}) 6... Nd4 {[%emt 0:04:53]} 7. Nf3 {[%emt 0:02:17]} d6 {[%emt 0:06:21]} 8. h3 {[%emt 0:00:32]} O-O $146 {[%emt 0:02:06]} ({Predecessor:} 8... Bd7 9. Bxd4 Bxd4 10. Nxd4 exd4 11. Ne2 c5 12. O-O O-O 13. c3 dxc3 14. Nxc3 Rb8 15. d4 {1-0 (28) Aleskerov,F (2406)-Serna,J (2007) Princeton 2012}) 9. Bxd4 {[%emt 0:01:45]} exd4 {[%emt 0:11:59]} 10. Ne2 {[%emt 0:00:32]} d5 {[%emt 0:05:53]} 11. exd5 {[%emt 0:03:19]} Qxd5 {[%emt 0:03:04]} 12. O-O {[%emt 0:00:43]} Qd6 {[%emt 0:07:01]} 13. Qd2 {[%emt 0:01:43]} Re8 {[%emt 0:05:25]} 14. a3 {[%emt 0:00:27]} Bd7 {[%emt 0:02:38]} 15. Nh4 {[%emt 0:02:51]} Nd5 {[%emt 0:12:51]} 16. Rae1 {[%emt 0:00:19]} Re7 {[%emt 0:02:48]} 17. g4 {[%emt 0:08:17]} Rae8 {[%emt 0:04:31]} 18. Be4 {[%emt 0:02:34]} g6 {[%emt 0:05:44]} 19. Qh6 {[%emt 0:04:58]} Bc6 {[%emt 0:09:39]} 20. b4 {[%emt 0:09:11]} Bb6 {[%emt 0:02:57]} 21. Ng3 {[%emt 0:00:26]} Nf4 {[%emt 0:03:18]} 22. Nf3 {[%emt 0:03:44]} f6 {[%emt 0:05:35]} 23. Bxc6 {[%emt 0:00:54]} bxc6 {[%emt 0:01:45]} 24. Ne4 {[%emt 0:01:42]} Rxe4 {[%emt 0:00:46]} 25. dxe4 {[%emt 0:00:05]} d3 {[%emt 0:00:34]} 26. e5 {[%emt 0:02:20]} fxe5 {[%emt 0:00:35] [#]} 27. Ng5 $2 {[%emt 0:02:24]} ({Only move:} 27. Qxf4 $1 $18 exf4 28. Rxe8+ Kf7 29. Rfe1) 27... Re7 $1 {[%emt 0:00:31]} 28. cxd3 {[%emt 0:00:14]} Qxd3 {[%emt 0:00:31]} 29. Kh2 {[%emt 0:01:56]} Qd5 {[%emt 0:00:30]} 30. Ne4 {[%emt 0:00:05]} Qe6 {[%emt 0:00:32]} (30... Rf7 $11) 31. Rd1 {[%emt 0:00:26]} Bd4 {[%emt 0:00:26]} 32. Rfe1 {[%emt 0:09:59]} Rf7 {[%emt 0:00:25]} 33. Qh4 {[%emt 0:01:24]} Qb3 $2 {[%emt 0:00:37] [#]} (33... Qd5 $14) 34. Qg3 $2 {[%emt 0:01:57]} (34. Rxd4 $1 $18 {[%mdl 512]} exd4 35. Ng5) 34... Qxg3+ {[%emt 0:00:32]} 35. Kxg3 {[%emt 0:00:03]} Nd5 {[%emt 0:00:30]} 36. Re2 {[%emt 0:01:07]} Kg7 {[%emt 0:00:29]} 37. Rc1 {[%emt 0:00:28]} Ne7 {[%emt 0:00:29]} 38. Nc5 {[%emt 0:01:02]} Nd5 {[%emt 0:00:30]} (38... Rf6 {is a better defense.} 39. Rc4 Nd5) 39. Ne6+ {[%emt 0:00:38]} Kh6 {[%emt 0:00:31]} 40. Rxc6 {[%emt 0:02:33]} Bb6 {[%emt 0:00:31]} 41. Kh4 {[%emt 0:01:44]} g5+ {[%emt 0:00:29]} 42. Nxg5+ {[%emt 0:00:05]} Kg7 {[%emt 0:00:21]} 43. Nxf7 {[%emt 0:00:20]} Kxf7 {[%emt 0:00:11] [#]} 44. Rxb6 $1 {[%emt 0:00:59]} Nxb6 {[%emt 0:00:13]} 45. Rxe5 {[%emt 0:00:06]} Nc4 {[%emt 0:00:03]} 46. Rc5 {[%emt 0:00:05]} Nxa3 {[%emt 0:00:06]} 47. Rxc7+ {[%emt 0:00:05]} Kg8 {[%emt 0:00:04]} 48. Kg5 {[%emt 0:00:15]} Nb5 {[%emt 0:00:10]} 49. Rd7 {[%emt 0:00:02]} Nc3 {[%emt 0:00:10]} 50. f3 {[%emt 0:00:01]} a5 {[%emt 0:00:18]} 51. bxa5 {[%emt 0:00:13]} h5 {[%emt 0:00:09]} 52. a6 {[%emt 0:00:10]} 1-0